Normal view
MARC view
Entry Personal Name
001 - CONTROL NUMBER
- control field: 72398
003 - CONTROL NUMBER IDENTIFIER
- control field: dpl
005 - DATE AND TIME OF LATEST TRANSACTION
- control field: 20241007105151.0
008 - FIXED-LENGTH DATA ELEMENTS
- fixed length control field: 241007|| aca||aabn | a|a d
040 ## - CATALOGING SOURCE
- Original cataloging agency: dpl
- Transcribing agency: dpl
100 ## - HEADING--PERSONAL NAME
- Personal name: Bose, Sugata
670 ## - SOURCE DATA FOUND
- Source citation: Work cat.: (dpl)155345: The Essential Writings of Netaji Subhas Chandra Bose, 2022
